| Tag |
First Indicator |
Second Indicator |
Subfields |
| LEADER |
00000cam a2200000 a 4500 |
| 001 |
in00000012193 |
| 005 |
20151007051758.0 |
| 007 |
he amb||||||| |
| 008 |
880408r19851985miua bb 00010 eng d |
| 035 |
|
|
|a (OCoLC)17755369
|
| 035 |
|
|
|9 AAA4747AM
|
| 040 |
|
|
|a TXA
|c TXA
|d UtOrBLW
|
| 043 |
|
|
|a f-lb---
|
| 049 |
|
|
|a TXAI
|
| 099 |
|
|
|a fiche
|a C
|a 9600
|
| 100 |
1 |
|
|a Moran, Mary H.,
|d 1957-
|
| 245 |
1 |
0 |
|a "Civilized" women :
|b gender and prestige among the Glebo of Cape Palmas, Liberia /
|c by Mary Helen Moran.
|
| 264 |
|
1 |
|a [Place of publication not identified] :
|b [publisher not identified] ;
|c 1985.
|
| 300 |
|
|
|a xv, 197 leaves :
|b illustrations
|
| 336 |
|
|
|a text
|b txt
|2 rdacontent
|
| 337 |
|
|
|a microform
|b h
|2 rdamedia
|
| 338 |
|
|
|a microfiche
|b he
|2 rdacarrier
|
| 502 |
|
|
|b Ph. D.
|c Brown University
|d 1985.
|
| 500 |
|
|
|a Vita.
|
| 504 |
|
|
|a Bibliography: leaves 189-197.
|
| 533 |
|
|
|a Microfiche.
|b Ann Arbor, Mich. :
|c University Microfilms International,
|d 1985.
|e 3 microfiches ; 11 x 15 cm.
|
| 500 |
|
|
|a Microform.
|
| 650 |
|
0 |
|a Women
|z Liberia
|x Social conditions.
|
| 650 |
|
0 |
|a Grebo (African people)
|
| 999 |
|
|
|a MARS
|
| 999 |
f |
f |
|s d98ae289-6f6e-3f9c-8a44-af3f68141d26
|i c4b578ba-a105-3856-92e7-6d73e70c9e3c
|t 0
|
| 952 |
f |
f |
|p normal
|a Texas A&M University
|b College Station
|c Sterling C. Evans Library
|d Evans: Microforms (3rd floor)
|t 0
|e fiche C 9600
|h Other scheme
|i microform -- microfiche
|m A14823245260
|
| 998 |
f |
f |
|a fiche C 9600
|t 0
|l Evans: Microforms (3rd floor)
|